| 000 | 00423nam a2200181Ia 4500 | ||
|---|---|---|---|
| 008 | 210210b2011 xxu||||| |||| 00| 0 eng d | ||
| 020 | _a9788183763448 | ||
| 041 | _aeng | ||
| 082 | _a307.76 TABU | ||
| 100 | _aTABUSSUM (Henna) | ||
| 245 | _aUrban sociology | ||
| 260 |
_aJaipur _bABD Publishers _c2011 |
||
| 300 | _avi,288 | ||
| 650 | _aUrban | ||
| 650 | _asociology | ||
| 690 | _aUrban Sociology | ||
| 906 | _a066867 | ||
| 999 |
_c149321 _d149321 |
||